| 000 | 01017nas a2200289 i 4500 | ||
|---|---|---|---|
| 001 | 236 | ||
| 003 | ES-MaACL | ||
| 005 | 20250809062525.0 | ||
| 007 | t| | ||
| 008 | 950801d1898 gw | | 1 ||er d | ||
| 080 | _a430 | ||
| 245 | 0 | 0 |
_aArchiv für Kriminal-Anthropologie und Kriminalistik / _cdir. Hans Gross. |
| 260 |
_aLeipzig : _bVogel, _c1898- |
||
| 300 |
_av. : _bil. ; _c23 cm. |
||
| 310 | _aIrregular | ||
| 362 | 1 | _a1. Bd., 1. Heft (Oct. 1898)-bd. 65., 3. und 4. Heft (Apr. 1916) | |
| 650 | 1 | 7 |
_aDerecho _2embne _911602 |
| 650 | 0 | 7 |
_aAntropología criminal _2embne _99866 |
| 650 | 0 | 7 |
_aMedicina legal _2embne _914928 |
| 650 | 4 |
_aCriminología. _9135832 |
|
| 700 | 1 |
_aGross, Hans, _edir. _9227401 |
|
| 700 | 1 |
_aHeindl, Robert, _edir. _9227402 |
|
| 785 | 0 | 0 |
_tArchiv für Kriminologie : Monatschrift für naturwissenschaftliche Kriminalistik und Polizeiarchiv, _dBd. 66., 1. und 2. Heft (Juni 1916)- |
| 852 |
_aES-MaACL _jHem-142 |
||
| 866 | 0 | _o1903-15(1916),1920-43. | |
| 999 |
_c236 _d236 |
||